Myšlením k bohatství

Na minha lista:
Detalhes bibliográficos
Autor principal: Hill, Napoleon
Outros Autores: Žáková, Vladimíra
Formato: Livro
Idioma:tcheco
Publicado em: Praha PRAGMA 1990
Edição:1. vyd.
Tags: Adicionar Tag
Sem tags, seja o primeiro a adicionar uma tag!

MARC

LEADER 00000nam a2200000 4500
001 c024802
005 20250221073638.3
041 0 |a cze 
044 |a CZ 
245 1 0 |a Myšlením k bohatství  |c Napoleon Hill ; [Z angl. prel.] Vladimíra Žáková 
250 |a 1. vyd. 
264 1 |a Praha  |b PRAGMA  |c 1990 
300 |a 207 s. 
100 1 |a Hill, Napoleon 
700 1 |a Žáková, Vladimíra